000 01291nam a2200253 i 4500
001 145556
003 ES-MaACL
005 20250920063102.0
007 t|
008 071015m19601961sp |||| | spa d
100 1 _aVetancurt, Agustín de,
_d1620-1700
_9114232
245 1 0 _aTeatro mexicano
_b: descripción breve de los sucesos exemplares de la Nueva España en el Nuevo Mundo Occidental de las Indias.
260 _aMadrid :
_bJosé Porrua Turanzas,
_c1960-1961.
300 _a4 v. ;
_c25 cm.
505 8 _aContiene: I. Sucesos naturales, Sucesos políticos. - II. De los sucesos militares de las armas. Tratado de la ciudad de México. Tratado de la ciudad de Puebla. - III. Chronica de la provincia del Santo Evangelio. - IV. Menologio franciscano de los varones más señalados que con sus vidas exemplares ilustran la provincia del santo Evangelio de México. Indice
610 2 _aFranciscanos-
_zMéxico.
_94177
650 1 4 _aIndios de México.
_9157375
651 4 _aMéxico-
_xHistoria-
_yHasta 1517, Época prehispánica.
_9153811
651 4 _aMéxico-
_xHistoria-
_y1517-1521, Descubrimiento y conquista.
_9136484
651 4 _aMéxico-
_xHistoria eclesiástica.
_9145336
852 _aES-MaACL
_jP-742
852 _aES-MaACL
_jP-798-6-9
999 _c145556
_d145556